000 00655nam a2200205 a 4500
001 BRCA_4494
005 20190320204706.0
008 140910s1906----fr-#######---#000-0#fre-#
041 _afre
044 _afr
050 4 _aG1844.24
_b.P53 1906
245 1 0 _aPlan de París
_bRues, impasses, passages, cours, boulevards, places, quais, avenues, ponts, portes, ruelles, villas, cités, carrefours.
260 _aParís
_bGarnier Frères
_c[1906]
300 _a84 p.
_bil., 1 mapa plegable.
_c15 cm.
500 _aEstado físico: Encuadernación desprendida
500 _aCG2
651 4 _aParís
_vMapas
_zFrancia
_911390
902 _aGFM
942 _2lcc
_cB
999 _c4200
_d4200